| 000 | 00857nam a2200229Ii 4500 | ||
|---|---|---|---|
| 003 | JO-AjNU | ||
| 008 | 230605s9999||||xx |||||||||||||| ||und|| | ||
| 017 | _a2021/3/1413 | ||
| 020 | _a978-9957-95-847-3 | ||
| 040 |
_aJO-AjNU _bara _erda _cJO-AjNU |
||
| 041 | _aara | ||
| 050 | 1 | 4 | _aQA107.2021 |
| 100 | 3 |
_aالظهراوي، محمد سامي علي, _eauthor _961634 |
|
| 245 | 0 | 0 | _aالرياضيات المالية = Financial Mathematics |
| 250 | _aط1 | ||
| 264 | 3 | 1 | _aعمان: دار الايام للنشر والتوزيع، 2021 |
| 300 | _a350ص | ||
| 336 |
_atext _btxt _2rdacontent |
||
| 337 |
_aunmediated _bn _2rdamedia |
||
| 338 |
_avolume _bnc _2rdacarrier |
||
| 650 | 4 |
_aالرياضيات المالية-الحسابات الرياضية-التحليل المالي-المحاسبة المالية-التعليم العالي _961635 |
|
| 999 |
_aA27869 _c31437 _d31437 |
||